000
00220nam a22000857a 4500
008
170124b xxu||||| |||| 00| 0 eng d
100
_9
2542
_a
Bhatia.R.
245
_a
A.P. Social Science-10
260
_a
New Delhi
_b
Macmillan
_c
2011
999
_c
5631
_d
5631